एक हजार(1000) गांधी प्रश्नोत्तरी (Record no. 1571)
[ view plain ]
| 000 -LEADER | |
|---|---|
| fixed length control field | 00993 a2200241 4500 |
| 005 - DATE AND TIME OF LATEST TRANSACTION | |
| control field | 20190423120715.0 |
| 010 ## - LCCN (DPL NO) | |
| LC control number | HIN-79324, B-237111 |
| 020 ## - INTERNATIONAL STANDARD BOOK NUMBER | |
| Terms of availability | 175.00 |
| International Standard Book Number | 8177210920 |
| 035 ## - SYSTEM CONTROL NUMBER | |
| System control number | HN-51670 |
| 035 ## - SYSTEM CONTROL NUMBER | |
| System control number | B-237086, B-237100 |
| 035 ## - SYSTEM CONTROL NUMBER | |
| System control number | B-237107 ,B-237082 |
| 035 ## - SYSTEM CONTROL NUMBER | |
| System control number | B-237109, B-237111, B-237112 |
| 037 ## - SOURCE OF ACQUISITION | |
| Source of stock number/acquisition | D.B.Act / pub |
| 082 ## - DEWEY DECIMAL CLASSIFICATION NUMBER | |
| Classification number | 303.484 |
| 100 ## - MAIN ENTRY--PERSONAL NAME | |
| Personal name | अग्रावल, ए.एन. |
| 245 ## - TITLE STATEMENT | |
| Title | एक हजार(1000) गांधी प्रश्नोत्तरी |
| Statement of responsibility, etc | ए.एन.अग्रवाल |
| 246 ## - VARYING FORM OF TITLE | |
| Title proper/short title | 1000 Gandhi prashnottari |
| Remainder of title | by A. N. Aggarwal |
| 260 ## - PUBLICATION, DISTRIBUTION, ETC. (IMPRINT) | |
| Place of publication, distribution, etc | दिल्ली |
| Name of publisher, distributor, etc | सत्साहित्य प्रकाशन |
| Date of publication, distribution, etc | 2007 |
| 270 ## - ADDRESS | |
| Address | 205-सी चावड़ी बाजार |
| City | दिल्ली |
| Postal code | 110006 |
| 300 ## - PHYSICAL DESCRIPTION | |
| Extent | 191पृ |
| Dimensions | 22 सेमी (सजिल्द) |
| 942 ## - ADDED ENTRY ELEMENTS (KOHA) | |
| Institution code [OBSOLETE] | dpl |
| Item type | Hindi Books |
| Call number prefix | 303.484 / अग्रवा |
| Source of classification or shelving scheme | Dewey Decimal Classification |
| Classification part | 303.484 |
| Call number suffix | अग्रवा |
| Withdrawn status | Lost status | Not for loan | Home library | Current library | Date acquired | Cost, normal purchase price | Full call number | Barcode | Copy number | Cost, replacement price | Koha item type | Collection code | Public note | Source of acquisition |
|---|---|---|---|---|---|---|---|---|---|---|---|---|---|---|
| D.B.Act.Division | D.B.Act.Division | 09/09/2008 | 175.00 | 303.484 अग्रवा | HN-51670 | 1 | 175.00 | Hindi Books | ||||||
| R.C.Libraries (zls) | R.C.Libraries (zls) | 12/11/2018 | 175.00 | 303.484 अग्रवा | B-237112 | 175.00 | Hindi Books | Non-fiction | ||||||
| R.C.Libraries (zls) | R.C.Libraries (zls) | 17/11/2018 | 175.00 | 303.484 अग्रवा | B-237111 | 1. | 175.00 | Hindi Books | Non-fiction | |||||
| Sarojini Nagar | Sarojini Nagar | 17/02/2012 | 175.00 | 303.484 अग्रवा | B-237086 | 175.00 | Hindi Books | Non-fiction | ||||||
| Sarojini Nagar | Sarojini Nagar | 17/02/2012 | 175.00 | 303.484 अग्रवा | B-237107 | 175.00 | Hindi Books | Non-fiction | Withdrwan List Prepared List No. 29/12 | |||||
| Sarojini Nagar | Sarojini Nagar | 17/02/2012 | 175.00 | 303.484 अग्रवा | B-237109 | 175.00 | Hindi Books | Non-fiction | ||||||
| Shahdara Branch | Shahdara Branch | 23/04/2019 | 175.00 | 303.484 अग्रवा | B-237100 | 175.00 | Hindi Books | Non-fiction | BPPD/PUB | |||||
| Tri Nagar | Tri Nagar | 28/08/2018 | 175.00 | 303.484 अग्रवा | B-237082 | 175.00 | Hindi Books | Non-fiction | BPPD/PUB |
